MARC details
| 000 -LEADER |
| fixed length control field |
06115cgm a2201033Ia 4500 |
| 001 - CONTROL NUMBER |
| control field |
ocm60565621 |
| 003 - CONTROL NUMBER IDENTIFIER |
| control field |
OCoLC |
| 005 - DATE AND TIME OF LATEST TRANSACTION |
| control field |
20240111124518.0 |
| 007 - PHYSICAL DESCRIPTION FIXED FIELD--GENERAL INFORMATION |
| fixed length control field |
vd cvaizq |
| 008 - FIXED-LENGTH DATA ELEMENTS--GENERAL INFORMATION |
| fixed length control field |
050606s2005 ctu052 b vaeng d |
| 020 ## - INTERNATIONAL STANDARD BOOK NUMBER |
| International Standard Book Number |
0439799538 |
| 020 ## - INTERNATIONAL STANDARD BOOK NUMBER |
| International Standard Book Number |
9780439799539 |
| 024 1# - OTHER STANDARD IDENTIFIER |
| Standard number or code |
767685972830 |
| 024 1# - OTHER STANDARD IDENTIFIER |
| Standard number or code |
767685981931 |
| 028 42 - PUBLISHER NUMBER |
| Publisher number |
NVG-9728 |
| Source |
New Video Group |
| 035 ## - SYSTEM CONTROL NUMBER |
| System control number |
(OCoLC)60565621 |
| Canceled/invalid control number |
(OCoLC)962257252 |
| -- |
(OCoLC)1005013479 |
| -- |
(OCoLC)1052713708 |
| -- |
(OCoLC)1084699578 |
| -- |
(OCoLC)1098362862 |
| -- |
(OCoLC)1104897576 |
| 037 ## - SOURCE OF ACQUISITION |
| Source of stock number/acquisition |
Midwest Tapes |
| Note |
http://www.midwesttapes.com |
| 040 ## - CATALOGING SOURCE |
| Original cataloging agency |
TEFMT |
| Language of cataloging |
eng |
| Transcribing agency |
TEFMT |
| Modifying agency |
RCS |
| -- |
VP@ |
| -- |
LEO |
| -- |
TXI |
| -- |
EHH |
| -- |
TEF |
| -- |
OCLCA |
| -- |
OCLCQ |
| -- |
BDX |
| -- |
OCLCF |
| -- |
OCLCO |
| -- |
OCL |
| -- |
OCLCQ |
| -- |
OCLCO |
| -- |
GL3 |
| -- |
CUO |
| -- |
OCLCQ |
| -- |
OCLCO |
| -- |
JZU |
| -- |
B@L |
| -- |
JX9 |
| -- |
OCLCO |
| -- |
AW3 |
| -- |
OCLCO |
| -- |
WACOL |
| Description conventions |
|
| 043 ## - GEOGRAPHIC AREA CODE |
| Geographic area code |
a-cc--- |
| -- |
nw----- |
| 049 ## - LOCAL HOLDINGS (OCLC) |
| Holding library |
WACL |
| 050 #4 - LIBRARY OF CONGRESS CALL NUMBER |
| Classification number |
PZ8.1.M8346 |
| Item number |
Ti 2005 |
| 082 04 - DEWEY DECIMAL CLASSIFICATION NUMBER |
| Classification number |
398.2 |
| Edition number |
22 |
| 092 ## - LOCALLY ASSIGNED DEWEY CALL NUMBER (OCLC) |
| Classification number |
DVD |
| Item number |
Tik |
| 245 00 - TITLE STATEMENT |
| Title |
Tikki Tikki Tembo : -- and more favorite tales |
| 260 ## - PUBLICATION, DISTRIBUTION, ETC. (IMPRINT) |
| Place of publication, distribution, etc |
[Norwalk, Conn.] : |
| Name of publisher, distributor, etc |
Weston Woods ; |
| Place of publication, distribution, etc |
[New York] : |
| Name of publisher, distributor, etc |
New Video, |
| Date of publication, distribution, etc |
©2005. |
| 264 ## - Production, Publication, Distribution, Manufacture, and Copyright Notice. |
| Place of production, publication, distribution, manufacture |
[New York] : |
| Name of producer, publisher, distributor, manufacturer |
Scholastic ; Weston Woods ; National Film Board of Canada ; executive producer, Morton Schindel, Derek Lamb, David Verrall, Isobel Marks. |
| Date of production, publication, distribution, manufacture, or copyr |
2005 |
| 300 ## - PHYSICAL DESCRIPTION |
| Extent |
1 videodisc (approximately 52 min.) : |
| Other physical details |
sound, color ; |
| Dimensions |
4 3/4 in. |
| 336 ## - Content Type |
| Content type term |
two-dimensional moving image |
| 337 ## - Media type |
| Media type term |
video |
| 338 ## - Carrier type |
| Carrier type term |
videodisc |
| 490 1# - SERIES STATEMENT |
| Series statement |
Scholastic video collection |
| 500 ## - GENERAL NOTE |
| General note |
Title from disc label. |
| 500 ## - GENERAL NOTE |
| General note |
Special features: Read along option available. |
| 504 ## - BIBLIOGRAPHY, ETC. NOTE |
| Bibliography, etc |
Tikki Tikki Tembo / Arlene Mosel-Hot hippo / Mwenye Hadithi-The tender tale of Cinderella penguin / Janet Perlman. |
| 505 00 - FORMATTED CONTENTS NOTE |
| Title |
Tikki Tikki Tembo / |
| Statement of responsibility |
from the folktale retold by Arlene Mosel ; illustrated by Blair Lent ; adapted and directed by Gary Templeton -- |
| Title |
Hot hippo / |
| Statement of responsibility |
from the book by Mwenye Hadithi ; illustrated by Adrienne Kennaway ; produced by Paul Gagne ; directed and animated by Christopher Palesty -- |
| Title |
Tender tale of Cinderella penguin / |
| Statement of responsibility |
directed and produced by Janet Perlman -- |
| Title |
Happy lion / |
| Statement of responsibility |
story Louise Fatio ; pictures, Roger Duvoisin ; directed by V. Bedrick ; produced by William L. Snyder -- |
| Title |
Magic of Anansi : a traditional West Indian tale / |
| Statement of responsibility |
written by Sugith Varughese ; adapted by Mary Withers ; director, Jamie Mason ; producer, Tamara Lynch -- |
| Title |
Little Red Riding Hood / |
| Statement of responsibility |
production, Robert Verrall. |
| 508 ## - CREATION/PRODUCTION CREDITS NOTE |
| Creation/production credits note |
Tikki Tikki Tembo: music, Howard Rovics. Hot hippo: music, Ernest V. Troost ; camera, Gary Becker ; editing and sound, Jan Mack. The tender tale of Cinderella penguin: animation camera, Pierre Landry, Raymond Dumas, Jacques Avoine. Happy lion: animators, J. Cabert, V. Coodren, K. Mann, B. Dvorak. The magic of Anansi: animators, Luigi Allemano, Jamie Mason ; consultant, Sheldon Cohen ; editor, Phyllis Evadney Lewis ; music, Luigi Allemano. Little Red Riding Hood: design animation, Rhoda Leyer ; animation camera, Vinod Batra, Claude Lapierre, William Wiggins ; music, Karl Du Plessis ; editing, Alex Rayment. |
| 511 0# - PARTICIPANT OR PERFORMER NOTE |
| Participant or performer note |
Narrators, Peter Thomas (Tikki Tikki Tembo), Terry Alexander (Hot hippo), Winston Sutton (The magic of Anansi), Rhoda Leyer (Little Red Riding Hood). |
| 520 ## - SUMMARY, ETC. |
| Summary, etc |
Tikki Tikki Tembo: What's in a name? A great deal according to the Chinese of long ago who honored their first son with the grand, long name Tikki Tikki Tembo. But such names can be very dangerous. Hot Hippo: Hippo was hot. He longed to live in the water like the fishes instead of on dry land. But will Ngai, the god of Everything and Everywhere give Hippo permission to do so? The Tender Tale Of Cinderella Penguin: Ciinderella Penguin loses her magic flipper as she runs to meet her midnight deadling, but all ends well when Prince Charming finds the right webbed foot. |
| 521 8# - TARGET AUDIENCE NOTE |
| Target audience note |
MPAA rating: Not rated; recommended for ages 3-9. |
| 521 ## - TARGET AUDIENCE NOTE |
| Target audience note |
Children DVD |
| Source |
Donation |
| 538 ## - SYSTEM DETAILS NOTE |
| System details note |
DVD, region 1; Dolby Digital. |
| 650 #0 - SUBJECT ADDED ENTRY--TOPICAL TERM |
| Topical term or geographic name as entry element |
Folklore |
| Geographic subdivision |
China |
| Form subdivision |
Juvenile films. |
| 9 (RLIN) |
6480197 |
| 650 #0 - SUBJECT ADDED ENTRY--TOPICAL TERM |
| Topical term or geographic name as entry element |
Hippopotamus |
| Form subdivision |
Juvenile films. |
| 9 (RLIN) |
6480198 |
| 650 #0 - SUBJECT ADDED ENTRY--TOPICAL TERM |
| Topical term or geographic name as entry element |
Lion |
| Form subdivision |
Juvenile films. |
| 9 (RLIN) |
5731378 |
| 650 #0 - SUBJECT ADDED ENTRY--TOPICAL TERM |
| Topical term or geographic name as entry element |
Anansi (Legendary character) |
| Form subdivision |
Juvenile films. |
| 9 (RLIN) |
6480199 |
| 650 #0 - SUBJECT ADDED ENTRY--TOPICAL TERM |
| Topical term or geographic name as entry element |
Spiders |
| Form subdivision |
Folklore |
| -- |
Juvenile films. |
| 9 (RLIN) |
6480200 |
| 650 #0 - SUBJECT ADDED ENTRY--TOPICAL TERM |
| Topical term or geographic name as entry element |
Tales |
| Geographic subdivision |
West Indies |
| Form subdivision |
Juvenile films. |
| 9 (RLIN) |
6480201 |
| 650 #1 - SUBJECT ADDED ENTRY--TOPICAL TERM |
| Topical term or geographic name as entry element |
Legends, Chinese. |
| 9 (RLIN) |
6020799 |
| 650 #1 - SUBJECT ADDED ENTRY--TOPICAL TERM |
| Topical term or geographic name as entry element |
Folklore |
| Geographic subdivision |
China. |
| 9 (RLIN) |
84107 |
| 650 #7 - SUBJECT ADDED ENTRY--TOPICAL TERM |
| Topical term or geographic name as entry element |
Anansi (Legendary character) |
| Source of heading or term |
fast |
| 9 (RLIN) |
6020800 |
| 650 #7 - SUBJECT ADDED ENTRY--TOPICAL TERM |
| Topical term or geographic name as entry element |
Folklore. |
| Source of heading or term |
fast |
| 9 (RLIN) |
6020801 |
| 650 #7 - SUBJECT ADDED ENTRY--TOPICAL TERM |
| Topical term or geographic name as entry element |
Hippopotamus. |
| Source of heading or term |
fast |
| 9 (RLIN) |
6020802 |
| 650 #7 - SUBJECT ADDED ENTRY--TOPICAL TERM |
| Topical term or geographic name as entry element |
Lion. |
| Source of heading or term |
fast |
| 9 (RLIN) |
6020803 |
| 650 #7 - SUBJECT ADDED ENTRY--TOPICAL TERM |
| Topical term or geographic name as entry element |
Spiders. |
| Source of heading or term |
fast |
| 9 (RLIN) |
6020804 |
| 650 #7 - SUBJECT ADDED ENTRY--TOPICAL TERM |
| Topical term or geographic name as entry element |
Tales. |
| Source of heading or term |
fast |
| 9 (RLIN) |
6020805 |
| 651 #7 - SUBJECT ADDED ENTRY--GEOGRAPHIC NAME |
| Geographic name |
China. |
| Source of heading or term |
fast |
| 9 (RLIN) |
6020806 |
| 651 #7 - SUBJECT ADDED ENTRY--GEOGRAPHIC NAME |
| Geographic name |
West Indies. |
| Source of heading or term |
fast |
| 9 (RLIN) |
6020807 |
| 655 #0 - INDEX TERM--GENRE/FORM |
| Genre/form data or focus term |
Children's films. |
| 9 (RLIN) |
6020808 |
| 655 #0 - INDEX TERM--GENRE/FORM |
| Genre/form data or focus term |
Animated films. |
| 9 (RLIN) |
6020809 |
| 655 #4 - INDEX TERM--GENRE/FORM |
| Genre/form data or focus term |
Children's films. |
| 9 (RLIN) |
6020808 |
| 655 #4 - INDEX TERM--GENRE/FORM |
| Genre/form data or focus term |
Animated films. |
| 9 (RLIN) |
6020809 |
| 655 #7 - INDEX TERM--GENRE/FORM |
| Genre/form data or focus term |
Animated films. |
| Source of term |
fast |
| 9 (RLIN) |
6020809 |
| 655 #7 - INDEX TERM--GENRE/FORM |
| Genre/form data or focus term |
Children's films. |
| Source of term |
fast |
| 9 (RLIN) |
6020808 |
| 655 #7 - INDEX TERM--GENRE/FORM |
| Genre/form data or focus term |
Juvenile works. |
| Source of term |
fast |
| 9 (RLIN) |
5673941 |
| 655 #7 - INDEX TERM--GENRE/FORM |
| Genre/form data or focus term |
Animated films. |
| Source of term |
gsafd |
| 9 (RLIN) |
6020809 |
| 655 #7 - INDEX TERM--GENRE/FORM |
| Genre/form data or focus term |
Children's films. |
| Source of term |
lcgft |
| 9 (RLIN) |
6020808 |
| 655 #7 - INDEX TERM--GENRE/FORM |
| Genre/form data or focus term |
Animated films. |
| Source of term |
lcgft |
| 9 (RLIN) |
6020809 |
| 700 1# - ADDED ENTRY--PERSONAL NAME |
| Personal name |
Schindel, Morton. |
| 9 (RLIN) |
5833280 |
| 700 1# - ADDED ENTRY--PERSONAL NAME |
| Personal name |
Lamb, Derek. |
| 9 (RLIN) |
6020810 |
| 700 1# - ADDED ENTRY--PERSONAL NAME |
| Personal name |
Verrall, David. |
| 9 (RLIN) |
6020811 |
| 700 1# - ADDED ENTRY--PERSONAL NAME |
| Personal name |
Marks, Isobel. |
| 9 (RLIN) |
6020812 |
| 700 1# - ADDED ENTRY--PERSONAL NAME |
| Personal name |
Templeton, Gary. |
| 9 (RLIN) |
47737 |
| 700 1# - ADDED ENTRY--PERSONAL NAME |
| Personal name |
Gagne, Paul R., |
| Dates associated with a name |
1956- |
| 9 (RLIN) |
5831645 |
| 700 1# - ADDED ENTRY--PERSONAL NAME |
| Personal name |
Palesty, Christopher. |
| 9 (RLIN) |
6020813 |
| 700 1# - ADDED ENTRY--PERSONAL NAME |
| Personal name |
Perlman, Janet, |
| Dates associated with a name |
1954- |
| 9 (RLIN) |
36844 |
| 700 1# - ADDED ENTRY--PERSONAL NAME |
| Personal name |
Bedrick, V. |
| 9 (RLIN) |
6020814 |
| 700 1# - ADDED ENTRY--PERSONAL NAME |
| Personal name |
Snyder, William L. |
| 9 (RLIN) |
6020815 |
| 700 1# - ADDED ENTRY--PERSONAL NAME |
| Personal name |
Mason, Jamie. |
| 9 (RLIN) |
5781469 |
| 700 1# - ADDED ENTRY--PERSONAL NAME |
| Personal name |
Varughese, Sugith. |
| 9 (RLIN) |
6020816 |
| 700 1# - ADDED ENTRY--PERSONAL NAME |
| Personal name |
Withers, Mary. |
| 9 (RLIN) |
6020817 |
| 700 1# - ADDED ENTRY--PERSONAL NAME |
| Personal name |
Lynch, Tamara. |
| 9 (RLIN) |
6020818 |
| 700 1# - ADDED ENTRY--PERSONAL NAME |
| Personal name |
Verrall, Robert Alan. |
| 9 (RLIN) |
6020819 |
| 700 12 - ADDED ENTRY--PERSONAL NAME |
| Personal name |
Mosel, Arlene. |
| Title of a work |
Tikki Tikki Tembo. |
| 9 (RLIN) |
6020820 |
| 700 02 - ADDED ENTRY--PERSONAL NAME |
| Personal name |
Mwenye Hadithi. |
| Title of a work |
Hot hippo. |
| 9 (RLIN) |
6020821 |
| 700 12 - ADDED ENTRY--PERSONAL NAME |
| Personal name |
Fatio, Louise. |
| Title of a work |
Happy lion. |
| 9 (RLIN) |
6020822 |
| 830 #0 - SERIES ADDED ENTRY--UNIFORM TITLE |
| Uniform title |
Scholastic video collection. |
| 9 (RLIN) |
5827430 |
| 942 ## - ADDED ENTRY ELEMENTS (KOHA) |
| Koha item type |
DVD |
| Source of classification or shelving scheme |
Dewey Decimal Classification |
| 948 ## - LOCAL PROCESSING INFORMATION (OCLC); SERIES PART DESIGNATOR (RLIN) |
| Series part designator, SPT (RLIN) |
02/28/2020 |
| z (OCLC) |
Sirsi |